|
|
|
|
| LEADER |
00000nab a2200000 a 4500 |
| 001 |
vtls010184583 |
| 003 |
SK-MaSNL |
| 005 |
20260304034546.0 |
| 008 |
101029c2010 xo wr 0 0slo |
| 038 |
|
|
|a SLLK
|
| 040 |
|
|
|a SLLK
|b slo
|c sllk
|e AACR2
|
| 041 |
|
|
|a slo
|
| 044 |
|
|
|a xo
|c SK
|
| 080 |
|
|
|a 663.5
|x (091)
|2 2001
|
| 080 |
|
|
|a 728.81
|2 2001
|
| 245 |
0 |
0 |
|a Pod hradom pálili gorzalku
|c Text a foto (mv)
|
| 300 |
|
|
|b Fotogr.
|
| 610 |
2 |
7 |
|a Ľubovnianske múzeum (Stará Ľubovňa, Slovensko)
|2 sllk
|9 33159
|
| 610 |
2 |
7 |
|a Ľubovniansky hrad (Stará Ľubovňa, Slovensko)
|2 sllk
|9 102635
|
| 648 |
|
7 |
|a 2010
|2 snkbucl
|9 324355
|
| 650 |
0 |
7 |
|a liehovary
|2 snkbucl
|9 30769
|
| 650 |
0 |
7 |
|a hrady
|2 snkbucl
|9 3039
|
| 650 |
0 |
7 |
|a dejiny miest
|2 SNKPH
|9 164833
|
| 650 |
0 |
7 |
|a budovy
|2 SNKPH
|9 1283
|
| 651 |
|
7 |
|a Stará Ľubovňa (Slovensko)
|2 snkbucl
|9 19193
|
| 773 |
0 |
|
|t Ľubovnianske noviny
|g Roč. XXXVI, č. 40 (2010), s. 1
|
| 999 |
|
|
|c 2653737
|d 2655667
|